00948nam a2200253 i 450000100060000000300090000600500170001500700030003200800410003502000180007610000420009424501470013626000340028330000220031749000230033961000440036265000450040670000360045183000250048785200210051294200230053399900170055695201210057327657ES-MaACL20250808230403.0t|030115s1977 sp ||||1| spa d a84-7421-031-31 aArbeloa, Víctor Manuel.922388eaut15a¿Una constitución democrática? : b(la Constitución española de 1931) / cpor Víctor Manuel Arbeloa ; prólogo de Enrique Barón. aMadrid : bMañana, c[1977] a115 p. ; c20 cm.1 aHerramientas ; v814aEspaña. tConstitución, 1931.93656 4aDerecho constitucional-zEspaña9116821 aBarón, Enrique,d1944-9257671 aHerramientas9229221 aES-MaACLjA-8476 2udccMONOGRAFIAn0 c27657d27657 00104070aATENEOMbATENEOMcDEPO1d2008-01-17eSCl0oA-8476p1028560r2023-02-23 00:00:00w2023-02-23yMONOGRAFIA